| 000 | 01337nam0a22003131 4500 | ||
|---|---|---|---|
| 001 | rc\4861643 | ||
| 005 | 20260406132707.0 | ||
| 021 |
_aRU _b61-67405 |
||
| 021 |
_aRU _bРг8449 |
||
| 035 | _a(NLR Aleph) 008819059 | ||
| 090 |
_a8210263 _c8210263 |
||
| 100 | _a20130426d1961 |||y0rusy50 ca | ||
| 101 | 0 | _arus | |
| 102 | _aRU | ||
| 105 | _ay z ||||| | ||
| 200 | 1 |
_aУстойчивость и колебания систем с запаздыванием _fМеждунар. союз по теорет. и прикладной механике. Симпозиум по нелинейным колебаниям. г. Киев. Сент. 1961. Ин-т математики АН УССР |
|
| 210 |
_aКиев _cб. и. _d1961 |
||
| 215 |
_a55 с. _d20 |
||
| 320 | _aБиблиогр.: с. 32-55 | ||
| 700 | 1 |
_4070 _8rus _7ca _aМышкис _bА. Д. _f1920-2009 _gАнатолий Дмитриевич _3RU\NLR\AUTH\771957 _9111974 |
|
| 701 | 1 |
_aЭльсгольц _bЛ. Э. _gЛев Эрнестович |
|
| 701 | 1 |
_aШиманов _bС. Н. |
|
| 711 | 1 | 2 |
_aМеждународный симпозиум по нелинейным колебаниям _eКиев _f1961 _9451502 _3RU\NLR\AUTH\880392809 |
| 801 | 0 |
_aRU _bNLR _gpsbo |
|
| 801 | 1 |
_aRU _bELAR _2rusmarc |
|
| 852 |
_aNLR _j61-4/14264 |
||
| 942 | _cBOOK | ||
| 980 | _aNB | ||